| 000 | 01072pam a2200289 a 4500 | ||
|---|---|---|---|
| 999 |
_c232973 _d232973 |
||
| 001 | 3960344 | ||
| 003 | Nust | ||
| 005 | 20170227122906.0 | ||
| 008 | 940525s1995 paua b 001 0 eng c | ||
| 010 | _a 94021550 | ||
| 020 | _a0721640281 | ||
| 040 |
_aDNLM/DLC _cASAB _dDLC |
||
| 050 | 0 | 0 |
_aQR67 _b.T49 1995 |
| 060 | 1 | 0 | _aQW 25 T355 1995 |
| 082 | 0 | 0 |
_a616/.01 _220 |
| 245 | 0 | 0 |
_aTextbook of diagnostic microbiology / _cedited by Connie R. Mahon, George Manuselis, Jr.. |
| 246 | 3 | 0 | _aDiagnostic microbiology |
| 260 |
_aPhiladelphia : _bSaunders, _cc1995. |
||
| 300 |
_axxvi, 1134 p. : _bill. (some col.) ; _c27 cm. |
||
| 504 | _aIncludes bibliographical references and index. | ||
| 650 | 0 | _aDiagnostic microbiology. | |
| 650 | 2 | _aMicrobiological Techniques. | |
| 700 | 1 | _aMahon, Connie R. | |
| 700 | 1 | _aManuselis, George. | |
| 906 |
_a7 _bcbu _corignew _d1 _eocip _f19 _gy-gencatlg |
||
| 942 |
_2ddc _cBK |
||